| 000 | 00714nam a2200229 u 4500 | ||
|---|---|---|---|
| 005 | 20240228064119.0 | ||
| 008 | 130411s2007 es r 000 0 spa d | ||
| 020 | _a9788496788350 | ||
| 035 | _aUPN01000190499 | ||
| 049 | _aI | ||
| 050 | 4 |
_aPZ71 _bP3.62 |
|
| 100 | 1 |
_aPatacrúa _933688 |
|
| 245 | 1 | 0 |
_aPaco Pasmón : _ba partir de un cuento tradicional judío / _cPatacrúa ; il. Evelyn Daviddi. |
| 260 |
_aPontevedra, Esp. : _bOQO, _c2007. |
||
| 300 |
_a[36] p. : _bprincipalmente il. col. |
||
| 534 |
_pTítulo original: _tPaco papán |
||
| 650 | 4 |
_aCuentos infantiles _96744 |
|
| 650 | 4 |
_aLibros y lectura para niños _92290 |
|
| 700 | 1 |
_aDaviddi, Evelyn, _eil. |
|
| 905 | _aInfantil | ||
| 999 |
_c162602 _d162602 |
||